00727nam a22002297a 4500001000700000003000900007005001700016007000300033008003400036020001500070040003000085082002600115100004500141245009400186264003300280300004600313336002700359337003500386338003000421650001800451650002800469001151DO-SdBPM20260216111441.0ta160817b1997 es | |||| 00| 0 spa d a9685333017 aDO-SdBPMbspacBPMSUerda 4a234.5bG633d 19972221 aGómez Yánez, Salvadoreautor 4aut. 10aDel perdón .... al amor :bun nuevo amanece, una nueva vida /cSalvador Gómez Yánez aEl Salvador :bZarza,c1997. a117 páginas :bilustraciones ;c114 cm. atextobtxt2rdacontent asin mediación bn2rdamedia  avolumen bnc2rdacarrier  7a Amor de Dios 7aPerdón xMeditaciones